Turbo C++ for windows inside and out

Bibliographic Details
Main Author: Herbert Schildt
Format: Book
Published: Berkeley : Osborne McGraw-Hill , 1992
Subjects:

MARC

LEADER 00000cam a2200000 7i4500
001 0000009849
002 000010726
005 20000330.0
020 |a 0078817781 
090 0 0 |a 005.45   |b SCH 
100 1 |a Herbert Schildt 
245 1 0 |a Turbo C++ for windows inside and out   |c Herbert Schildt 
260 |a Berkeley :   |b Osborne McGraw-Hill ,   |c 1992 
300 |a 334 p. ;   |c 25 cm. 
650 0 0 |a Turbo C++ (computer program language) 
650 0 0 |a Windows (Computer programs) 
999 |a 053099   |b BUKU   |c PINJAMAN   |e PERPUSTAKAAN KOMUNITI PETALING JAYA